Mona Hatoum : (Record no. 798)
[ view plain ]
| 000 -LEADER | |
|---|---|
| campo de control de longitud fija | 01643mam a22004214a 4500 |
| 001 - NÚMERO DE CONTROL | |
| campo de control | 3421695 |
| 005 - FECHA Y HORA DE LA ÚLTIMA TRANSACCIÓN | |
| campo de control | 20220326193338.0 |
| 008 - DATOS DE LONGITUD FIJA--INFORMACIÓN GENERAL | |
| campo de control de longitud fija | 020627s2002 mx a bc 000 0 spa |
| 010 ## - NÚMERO DE CONTROL DE LA BIBLIOTECA DEL CONGRESO | |
| Número de control de LC | 2002426024 |
| 020 ## - NÚMERO INTERNACIONAL ESTÁNDAR DEL LIBRO | |
| Número Internacional Estándar del Libro | 9701879139 |
| 035 ## - NÚMERO DE CONTROL DEL SISTEMA | |
| Número de control de sistema | (OCoLC)51323357 |
| 035 ## - NÚMERO DE CONTROL DEL SISTEMA | |
| Número de control de sistema | (OCoLC)ocm51323357 |
| 035 ## - NÚMERO DE CONTROL DEL SISTEMA | |
| Número de control de sistema | (NNC)3421695 |
| 040 ## - FUENTE DE CATALOGACIÓN | |
| Centro catalogador/agencia de origen | DLC |
| Centro/agencia transcriptor | DLC |
| 041 0# - CÓDIGO DE IDIOMA | |
| Código de lengua del texto/banda sonora o título independiente | spaeng |
| 042 ## - CÓDIGO DE AUTENTICACIÓN | |
| Código de autenticación | pcc |
| 043 ## - CÓDIGO DE ÁREA GEOGRÁFICA | |
| Código de área geográfica | n-mx--- |
| 082 ## - NÚMERO DE LA CLASIFICACIÓN DECIMAL DEWEY | |
| Número de clasificación | 708 |
| Número de ítem | H364m.mx |
| 100 1# - ENTRADA PRINCIPAL--NOMBRE DE PERSONA | |
| Nombre de persona | Hatoum, Mona, |
| Fechas asociadas al nombre | 1952- |
| 9 (RLIN) | 4255 |
| 245 10 - MENCIÓN DEL TÍTULO | |
| Título | Mona Hatoum : |
| Resto del título | 26 febrero-21 abril 2002, Laboratorio Arte Alameda/Ciudad de México. |
| Mención de responsabilidad, etc. | Príamo Lozada [Curador] |
| 250 ## - MENCION DE EDICION | |
| Mención de edición | 1. ed. |
| 260 ## - PUBLICACIÓN, DISTRIBUCIÓN, ETC. | |
| Lugar de publicación, distribución, etc. | Ciudad de México : |
| Nombre del editor, distribuidor, etc. | Laboratorio Arte Alameda, |
| Fecha de publicación, distribución, etc. | 2002. |
| 300 ## - DESCRIPCIÓN FÍSICA | |
| Extensión | 78 p. : |
| Otras características físicas | ill. (col.) ; |
| Dimensiones | 26 cm. |
| 504 ## - NOTA DE BIBLIOGRAFÍA, ETC. | |
| Nota de bibliografía, etc. | Includes bibliographical references. |
| 505 ## - NOTA DE CONTENIDO CON FORMATO | |
| Título | Presentación / Paloma Porraz Fraser |
| -- | "Bébeme" "Cómeme" / Francisco Reyes Palma |
| -- | El arte nómada / María Inés García Canal |
| -- | "Drink me" "Eat me" / Francisco Reyes Palma |
| -- | Normadic Art / María Inés García Canal |
| 546 ## - NOTA DE IDIOMA | |
| Nota de lengua/lenguaje | Spanish and English. |
| 600 10 - PUNTO DE ACCESO ADICIONAL DE MATERIA--NOMBRE DE PERSONA | |
| Nombre de persona | Hatoum, Mona, |
| Fechas asociadas al nombre | 1952- |
| Subdivisión de forma | Exhibitions. |
| 9 (RLIN) | 4252 |
| 650 #0 - PUNTO DE ACCESO ADICIONAL DE MATERIA--TÉRMINO DE MATERIA | |
| Término de materia o nombre geográfico como elemento de entrada | Installations (Art) |
| Subdivisión geográfica | México |
| -- | México City |
| Subdivisión de forma | Exhibitions. |
| 9 (RLIN) | 4256 |
| Subdivisión cronológica | Siglo 21 |
| 650 #0 - PUNTO DE ACCESO ADICIONAL DE MATERIA--TÉRMINO DE MATERIA | |
| Término de materia o nombre geográfico como elemento de entrada | Instalaciones (Arte) |
| Subdivisión geográfica | México |
| Subdivisión de forma | Exhibiciones |
| 9 (RLIN) | 4273 |
| 650 #0 - PUNTO DE ACCESO ADICIONAL DE MATERIA--TÉRMINO DE MATERIA | |
| Término de materia o nombre geográfico como elemento de entrada | Video art |
| Subdivisión geográfica | México |
| -- | México City |
| Subdivisión de forma | Exhibitions. |
| 9 (RLIN) | 4257 |
| 650 #0 - PUNTO DE ACCESO ADICIONAL DE MATERIA--TÉRMINO DE MATERIA | |
| Término de materia o nombre geográfico como elemento de entrada | Laboratorio Arte Alameda |
| 9 (RLIN) | 4274 |
| 700 ## - ENTRADA AGREGADA--NOMBRE PERSONAL | |
| Nombre de persona | Lozada, Príamo [Curador] |
| 9 (RLIN) | 4308 |
| 700 ## - ENTRADA AGREGADA--NOMBRE PERSONAL | |
| Nombre de persona | Porraz Fraser, Paloma |
| 9 (RLIN) | 4309 |
| 700 ## - ENTRADA AGREGADA--NOMBRE PERSONAL | |
| Nombre de persona | Reyes Palma, Francisco |
| 9 (RLIN) | 4310 |
| 700 ## - ENTRADA AGREGADA--NOMBRE PERSONAL | |
| Nombre de persona | García Canal, María Inés |
| 9 (RLIN) | 4311 |
| 710 2# - ENTRADA AGREGADA--NOMBRE DE ENTIDAD CORPORATIVA | |
| Nombre de entidad corporativa o nombre de jurisdicción como elemento de entrada | Laboratorio Arte Alameda. |
| 9 (RLIN) | 2793 |
| Estatus retirado | Estado de pérdida | Fuente del sistema de clasificación o colocación | Estado de daño | No para préstamo | Biblioteca de origen | Biblioteca actual | Ubicación en estantería | Fecha de adquisición | Total de préstamos | Signatura topográfica completa | Código de barras | Visto por última vez | Precio de reemplazo | Tipo de ítem Koha |
|---|---|---|---|---|---|---|---|---|---|---|---|---|---|---|
| Clasificación Decimal Dewey | Biblioteca LadoV | Biblioteca LadoV | 27/11/2015 | 708 H364m.mx | 000815 | 27/11/2015 | 27/11/2015 | Material 01 |
